000 00634nam a2200229 i 4500
001 177778
003 ES-MaACL
005 20250315062601.0
008 110425s2011 sp |||| | spa d
020 _a978-84-321-3859-1
080 _a821.134.2-14"19"
100 1 _aChessa, Alberto.
_9146264
245 1 3 _aLa osamenta /
_cAlberto Chessa ; prólogo de Jordi Doce.
250 _a[1ª ed.].
260 _aMadrid :
_bRialp,
_c[2011]
300 _a101 p. ;
_c17 cm.
490 1 _aAdonáis ;
_v624
700 0 _aDoce, Jordi.
_944954
830 0 0 _aAdonáis
_v624
_9173743
852 _aES-MaACL
_jJ-23-624
999 _c177778
_d177778